000
00266 a2200121 4500
001
63660
082
_a
621.381 GRO
090
_c
37658
_d
37658
100
_a
Gasson,JDN ; Grob B
245
_a
Basic Electronics, 9/e
250
_a
9
260
_b
McGraw Hill
_c
2003
942
_a
NUST-CAE
_k
621.381 GRO
999
_c
298733
_d
298733